[Event "POR-chC"]
[Site "Vila Real"]
[Date "2005.08.08"]
[Round "6"]
[White "Barbosa, Fabio Emanuel Olive"]
[Black "Figueiras, Carlos Manuel de Al"]
[Result "1-0"]
[WhiteElo "2014"]
[BlackElo "1974"]
[PlyCount "79"]
[EventDate "2005.08.03"]
[EventType "swiss"]
[EventRounds "9"]
[EventCountry "POR"]
[SourceTitle "CBM 107 Extra"]
[Source "ChessBase"]
[SourceDate "2005.09.01"]
[SourceVersion "1"]
[SourceVersionDate "2005.09.01"]
[SourceQuality "1"]

1. e4 e6 2. d4 d5 3. Nd2 Nf6 4. e5 Nfd7 5. Bd3 c5 6. c3 Nc6 7. Ne2 f6 8. exf6 Nxf6 9. 0-0 c4 10. Bc2 Bd6 11. Ng3 0-0 12. f4 g6 13. Nf3 Ne7 14. Ne5 Nf5 15. Qf3 Nh4 16. Qe2 Nf5 17. Bd2 Qc7 18. Nh1 b5 19. Nf2 a5 20. Rae1 b4 21. Nfg4 Qg7 22. Kh1 Ra6 23. Rf3 Rb6 24. Bc1 b3 25. Nxf6+ Rxf6 26. axb3 cxb3 27. Bd3 Rf8 28. Rh3 Bb8 29. Nf3 Bc7 30. Rg1 Bb8 31. g4 Nd6 32. Ng5 h6 33. Nxe6 Bxe6 34. Qxe6+ Kh7 35. f5 Nc8 36. fxg6+ Kh8 37. Qxd5 Rd6 38. Qe4 Qd7 39. Rxh6+ Kg8 40. Bc4+ 1-0

[Event "POR-chC"]
[Site "Vila Real"]
[Date "2005.08.05"]
[Round "3"]
[White "Figueiras, Carlos Manuel de Al"]
[Black "Pintor, Simao Maciel Abranc"]
[Result "1-0"]
[WhiteElo "1974"]
[BlackElo "1814"]
[PlyCount "61"]
[EventDate "2005.08.03"]
[EventType "swiss"]
[EventRounds "9"]
[EventCountry "POR"]
[SourceTitle "CBM 107 Extra"]
[Source "ChessBase"]
[SourceDate "2005.09.01"]
[SourceVersion "1"]
[SourceVersionDate "2005.09.01"]
[SourceQuality "1"]

1. Nf3 d5 2. e3 Nf6 3. c4 g6 4. d4 Bg7 5. Nc3 0-0 6. Be2 a6 7. 0-0 dxc4 8. Bxc4 b5 9. Be2 Bb7 10. a3 Nbd7 11. Qc2 Rc8 12. b4 Re8 13. Bb2 e5 14. dxe5 Ng4 15. Ne4 Ngxe5 16. Nxe5 Nxe5 17. Rad1 Qh4 18. Nc5 Ba8 19. f3 Bh6 20. Bc1 Qf6 21. e4 Bf8 22. Bb2 Qb6 23. Kh1 Bg7 24. f4 Nc4 25. Bxc4 Bxb2 26. Bxf7+ Kxf7 27. Rd7+ Re7 28. Qb3+ Kf8 29. Qxb2 Kf7 30. Rxe7+ Kxe7 31. Qg7+ 1-0

[Event "POR-chC"]
[Site "Vila Real"]
[Date "2005.08.04"]
[Round "2"]
[White "Figueiras, Carlos Manuel de Al"]
[Black "Margarido, Ricardo Emanuel Tor"]
[Result "1/2-1/2"]
[WhiteElo "1974"]
[BlackElo "1814"]
[PlyCount "87"]
[EventDate "2005.08.03"]
[EventType "swiss"]
[EventRounds "9"]
[EventCountry "POR"]
[SourceTitle "CBM 107 Extra"]
[Source "ChessBase"]
[SourceDate "2005.09.01"]
[SourceVersion "1"]
[SourceVersionDate "2005.09.01"]
[SourceQuality "1"]

1. d4 Nf6 2. Nc3 e6 3. e4 Bb4 4. Bd3 d5 5. e5 Nfd7 6. a3 Bxc3+ 7. bxc3 c5 8. Qg4 Kf8 9. Nf3 h6 10. 0-0 b6 11. a4 Ba6 12. Ba3 Bxd3 13. cxd3 h5 14. Qf4 Kg8 15. Rfb1 h4 16. Ng5 Qe8 17. dxc5 bxc5 18. d4 cxd4 19. cxd4 Nc6 20. Bd6 Ne7 21. g4 hxg3 22. fxg3 Nf5 23. Ba3 Rb8 24. g4 Nh6 25. Bd6 Rxb1+ 26. Rxb1 Qc8 27. Rc1 Qe8 28. a5 f6 29. Nf3 Qg6 30. h3 Nf7 31. Rc8+ Kh7 32. Rc1 Kg8 33. h4 f5 34. g5 Qh5 35. Kf2 Kh7 36. Kg3 Nf8 37. Bxf8 Rxf8 38. Rc7 Nh8 39. Kh3 Ng6 40. Qg3 Nh8 41. Rxa7 Rb8 42. Rc7 Rb3 43. Kg2 Rb2+ 44. Kh3 1/2-1/2